000 00579nam a2200241Ia 4500
003 OSt
005 20220930190214.0
006 a|||||r|||| 00| 0
007 ta
008 220926b |||||||| |||| 00| 0 hin d
024 _a61656
037 _cTextbook
040 _aCRL
_cCRL
_bhin
041 _2hin
_ahin
082 _aO152,3N03,1, 32J6
100 _aYashpal
245 0 _aRajyadrohi
260 _c1956
300 _avp
_ccm.
650 _aHINDI LITERATURE
_923866
942 _hO152,3N03,1, 32J6
_cTB
_2CC
999 _c891748
_d891748